00886 a2200253 4500003000500000005001700005020001800022020002200040040000900062082001500071082001500086100002100101245010100122260003200223440004000255500001100295650003400306650004200340650005200382856006700434942001200501999001900513952010000532Nust20170207164424.0 a0-471-22112-0 a978-0-471-22112-8 cNust a621.382b2 a621.382b21 aChassaing, Rulph00aDSP applications using C and the TMS320C6x DSK (E BOOK)h[Elektronisk resurs] /cRulph Chassaing aNew York :bJ. Wiley,c2002 0aTopics in digital signal processing aE-book 0aC (Computer program language) 0aSignal processingxDigital techniques 0aTexas Instruments TMS320 series microprocessors40uhttp://www3.interscience.wiley.com/cgi-bin/booktoc?ID=93513875 2ddccBK c208930d208930 00102ddc40708NFICaMCSbMCSd2016-12-12l0o621.382pMCSEB-1046r2016-12-08w2016-12-12yBK